| 000 | 01674nam a2200409Ii 4500 | ||
|---|---|---|---|
| 001 | DIGBN04601 | ||
| 003 | NyNyDIG | ||
| 006 | m o d | ||
| 007 | cr ||||||||||| | ||
| 008 | 121101s2005 sp ob 000 0 spa d | ||
| 020 | _z8497424425 | ||
| 020 | _z9788497424424 | ||
| 035 | _a(OCoLC)888260702 | ||
| 040 |
_aDGITA _beng _epn _cDGITA |
||
| 043 |
_ae------ _an-us--- |
||
| 050 | 1 | 4 | _aD1065.U5 eBook |
| 245 | 0 | 0 |
_aEuropa y Estados Unidos : _buna historia de la relación atlántica en los últimos cien años / _cJosé María Beneyto, Ricardo M. Martín de la Guardia y Guillermo Á. Pérez Sánchez, directores. |
| 264 | 1 |
_aMadrid : _bBiblioteca Nueva : _bInstituto Universitario de Estudios Europeos de la Universidad CEU San Pablo, _cc2005. |
|
| 300 | _a1 online resource (356 pages) | ||
| 336 |
_atext _btxt _2rdacontent |
||
| 337 |
_acomputer _bc _2rdamedia |
||
| 338 |
_aonline resource _bcr _2rdacarrier |
||
| 490 | 1 |
_aColección La sociedad internacional contemporánea ; _v1. |
|
| 651 | 0 |
_aEurope _xForeign relations _zUnited States. |
|
| 651 | 0 |
_aUnited States _xForeign relations _zEurope. |
|
| 651 | 0 |
_aUnited States _xForeign relations _y20th century. |
|
| 655 | 0 | _aElectronic books. | |
| 700 | 1 | _aBeneyto, José María. | |
| 700 | 1 | _aMartín de la Guardia, Ricardo M. | |
| 700 | 1 | _aPérez Sánchez, Guillermo A. | |
| 791 | 2 |
_aDigitalia (Firm), _edistributor. |
|
| 830 | 0 |
_aColección La sociedad internacional contemporánea ; _v1. |
|
| 793 | 0 |
_gDigitalia eBook Collection: _aBiblioteca Nueva |
|
| 856 | 4 | 0 |
_3Digitalia Hispánica _uhttps://www.digitaliapublishing.com/a/17534/ |
| 910 | _aPremium Collection: 2007-2012 | ||
| 942 | _cRAA | ||
| 999 |
_c235438 _d235438 |
||